| Tag |
First Indicator |
Second Indicator |
Subfields |
| LEADER |
00000cam a2200000 a 4500 |
| 001 |
in00000002411 |
| 007 |
he bmb024bbca |
| 008 |
990222s1998 dcua bb f000 0 eng d |
| 005 |
20230309222530.0 |
| 035 |
|
|
|a (OCoLC)40833782
|
| 035 |
|
|
|9 AJC9042AM
|
| 035 |
|
|
|a in00000002411
|
| 040 |
|
|
|a GPO
|c GPO
|d DLC
|d MvI
|d UtOrBLW
|
| 043 |
|
|
|a n-us---
|
| 049 |
|
|
|a UMIC
|
| 049 |
|
|
|a WWW
|
| 074 |
|
|
|a 0982-G-11 (MF)
|
| 074 |
|
|
|a 0982-G-11 (online)
|
| 086 |
0 |
|
|a TD 2.30/13:98-008
|
| 088 |
|
|
|a Publication no. FHWA-SA-98-008
|
| 245 |
0 |
0 |
|a From research to reality :
|b assessing the results of the Strategic Highway Research Program.
|
| 246 |
3 |
0 |
|a Assessing the results of the Strategic Highway Research Program
|
| 264 |
|
1 |
|a [Washington, D.C.?] :
|b U.S. Dept. of Transportation, Federal Highway Administration,
|c [1998?]
|
| 300 |
|
|
|a ii, 22 pages :
|b illustrations ;
|c 28 cm.
|
| 336 |
|
|
|a text
|b txt
|2 rdacontent
|
| 337 |
|
|
|a microform
|b h
|2 rdamedia
|
| 338 |
|
|
|a microfiche
|b he
|2 rdacarrier
|
| 490 |
1 |
|
|a RoadSavers
|
| 500 |
|
|
|a Cover title.
|
| 500 |
|
|
|a Shipping list number: 99-0092-M.
|
| 504 |
|
|
|a Includes bibliographical reference (page 21).
|
| 500 |
|
|
|a "Publication number FHWA-SA-98-008"--P. [4] of cover.
|
| 533 |
|
|
|a Microfiche.
|b [Washington, D.C.] :
|c Supt. of Docs., U.S. G.P.O.,
|d [1998]
|e 1 microfiche : negative.
|
| 530 |
|
|
|a Also available via Internet from the FHWA web site (PDF file only).
|
| 500 |
|
|
|a Microform.
|
| 610 |
2 |
0 |
|a Strategic Highway Research Program (U.S.)
|
| 650 |
|
0 |
|a Highway research
|z United States.
|
| 650 |
|
0 |
|a Roads
|x Technological innovations
|z United States.
|
| 650 |
|
0 |
|a Pavements
|x Technological innovations
|z United States.
|
| 710 |
1 |
|
|a United States.
|b Federal Highway Administration.
|
| 830 |
|
0 |
|a RoadSavers.
|
| 856 |
4 |
1 |
|u https://purl.fdlp.gov/GPO/LPS2387
|z Adobe Acrobat Reader required to view document
|t 0
|
| 999 |
|
|
|a MARS
|
| 999 |
f |
f |
|i b92cc765-d6ed-36e9-9a07-6d5f39393086
|s df97d168-cd53-3353-83e9-41343187e58a
|t 0
|
| 952 |
f |
f |
|p normal
|a Texas A&M University
|b College Station
|c Sterling C. Evans Library
|d Evans: US Documents Microfiche (3rd floor)
|t 0
|e TD 2.30/13:98-008
|h Superintendent of Documents classification
|i microform -- microfiche
|m A14824431220
|
| 952 |
f |
f |
|a Texas A&M University
|b College Station
|c Electronic Resources
|d Available Online
|t 0
|e TD 2.30/13:98-008
|h Superintendent of Documents classification
|
| 998 |
f |
f |
|a TD 2.30/13:98-008
|t 0
|l Evans: US Documents Microfiche (3rd floor)
|
| 998 |
f |
f |
|a TD 2.30/13:98-008
|t 0
|l Available Online
|